000 00265nam a22001097a 4500
008 170124b xxu||||| |||| 00| 0 eng d
020 _a9781437735826
041 _aeng
080 _28TH
_a618.2
245 _aPHARMACOLOGY FOR NURSING CARE
_cLEHNE, R.A
942 _2udc
_cBK
999 _c3449
_d3449